000 01117cas a22003377a 4500
005 20220329142047.0
008 990517c1984 mx zn pernn 0 a0b1spa d
010 _a77799
011 _a78771
022 0 _a0187-1838
035 _a88836
245 0 0 _aANBAGRO Informa
_c/por Asociación Nacional de Bibliotecarios Agropecuarios, A.C.
260 0 _aMéxico, D.F. :
_bAsociación Nacional de Bibliotecarios Agropecuarios, A.C.,
_c1984-
300 _av.
310 _aTrimestral
321 _aIrregular
362 1 _av.8 n.2,1997.
590 _aBATCH-UPD
_b10
_c20130110
_lUCH01
_h0710
590 _aBATCH-UPD
_b10
_c20130410
_lUCH01
_h0356
590 _aBATCH-UPD
_b10
_c20130914
_lUCH01
_h0625
590 _aCONVERSION
_b10
_c20130109
_lUCH01
_h1343
650 1 4 _aBiblioteconomía
_xPublicaciones periódicas.
_912581
866 _av.1-2,4-5 (1984-1986)
866 _av.2 n.1-2 (1987)
866 _av.3 n.1 (1990)
866 _av.5 n.1-v.6 n.3 (1992-1993)
866 _av.7 n.1-7 (1994-1995)
866 _av.8 n.1-2 (1997)
901 _aSE
905 _aMarco A. Mendoza T.
999 _c77799
_d77799